La bioťica en la encrucijada sexualidad, aborto, eutanasia /

Detalles Bibliográficos
Autor principal: Vila-Coro, Mara̕ Dolores
Formato: Desconocido
Lenguaje:español
Publicado: Madrid : Dykinson, 2007
Materias:
Acceso en línea:Acceso restringido

MARC

LEADER 00000ny a22000003n 4500
005 20110623183038.0
006 m u
007 cr cn|||||||||
008 200806r20072008sp |||||s|||||||||||spa d
020 |a 9788498490237 
035 |a 2314 
040 |a FlNmELB  |c FlNmELB  |d vlex 
050 1 4 |a R724  |b V695 2007eb 
080 |a 179.7 
090 |c 1175  |d 1175 
100 1 |a Vila-Coro, Mara̕ Dolores 
245 1 3 |a La bioťica en la encrucijada  |h [Recurso electrn̤ico]  |b sexualidad, aborto, eutanasia /  |c Mara̕ Dolores Vila-Coro 
256 |a Servicio en ln̕ea 
260 |a Madrid :  |b Dykinson,  |c 2007 
300 |a [9]-255 p 
506 1 |a Contenido solo disponible en los productos indicados  |d vLex Global  |d vLex Global (Academic Edition, excluding Law Schools)  |d vLex Global (U.S. Academic Edition, Law Schools)  |d vLex Global (U.S. Academic Edition, excluding Law Schools)  |d vLex Global (Academic Edition, Law Schools) 
650 0 7 |a Bioťica  |2 Tesauro vLex 
650 0 7 |a Civil  |2 Tesauro vLex 
740 0 |a vLex Libros (Servicios en ln̕ea) 
856 4 0 |z Acceso restringido  |u http://vlex.com/source/bioetica-encrucijada-2314 
942 |c BOOK